000
00282pab a2200133 454500
008
180718b1998 xxu||||| |||| 00| 0 eng d
245
_a
REASONS for review
260
_c
1998
300
_a
p.9
362
_a
10 Aug
650
_a
Constitutions
773
_a
Pioneer
909
_a
39421
999
_c
39421
_d
39421